[Event "GER-chT North U14"]
[Site "Magdeburg"]
[Date "2014.09.13"]
[Round "6.4"]
[White "Voelter, Axel"]
[Black "Warda, Leonardo"]
[Result "0-1"]
[WhiteElo "984"]
[BlackElo "1112"]
[PlyCount "108"]
[EventDate "2014.09.11"]
[EventType "team-swiss"]
[EventRounds "7"]
[EventCountry "GER"]
[SourceTitle "EXT 2016"]
[Source "ChessBase"]
[SourceDate "2015.10.08"]
[SourceVersion "1"]
[SourceVersionDate "2015.10.08"]
[SourceQuality "1"]
[WhiteTeam "Berlin Eintracht"]
[BlackTeam "Schwerin"]
[WhiteTeamCountry "GER"]
[BlackTeamCountry "GER"]

1. d4 d5 2. Nf3 c5 3. e3 Nc6 4. c3 Bg4 5. Nbd2 Nf6 6. Be2 e6 7. 0-0 Be7 8. Qc2 0-0 9. e4 dxe4 10. Nxe4 cxd4 11. cxd4 Bxf3 12. Bxf3 Nxd4 13. Qd3 Nxf3+ 14. Qxf3 Nxe4 15. Qxe4 b6 16. Bf4 Bg5 17. Bg3 Bf6 18. Rab1 Qd4 19. Qc2 Rac8 20. Qe2 Qc4 21. Qf3 Qxa2 22. Qe2 Qc4 23. Qxc4 Rxc4 24. Bd6 Rd8 25. Ba3 b5 26. b4 Be7 27. g3 Ra8 28. Ra1 f6 29. Kg2 Kf7 30. Rfe1 e5 31. Kf3 a5 32. bxa5 Bxa3 33. Rxa3 Ra4 34. Rea1 R8xa5 35. Rxa4 Rxa4 36. Rb1 b4 37. Ke3 Ra3+ 38. Ke4 Kg6 39. Rxb4 Ra2 40. Kf3 Kf5 41. Rh4 Ra3+ 42. Kg2 Kg5 43. Kh3 f5 44. f4+ exf4 45. Rxf4 g6 46. Kg2 Ra2+ 47. Kh3 h5 48. Rd4 Re2 49. Rf4 Re4 50. Rh4 Rxh4+ 51. gxh4+ Kf4 52. Kg2 Ke3 53. Kg3 f4+ 54. Kg2 Ke2 0-1